|
|
|
|
| LEADER |
00000cam a2200000 7i4500 |
| 001 |
0000005936 |
| 002 |
000006411 |
| 005 |
20000330.0 |
| 020 |
|
|
|a 967969304X
|
| 090 |
0 |
0 |
|a 297.1978344
|b FAI
|
| 100 |
0 |
|
|a Faisal bin Hj Othman
|f Dr.Hj
|
| 245 |
1 |
0 |
|a Woman,Islam and nation building
|c Dr.Hj.Faisal bin Hj.Othman
|
| 260 |
|
|
|a Kuala Lumpur :
|b Berita Publishing ,
|c 1993
|
| 300 |
|
|
|a 203 p. ;
|c 23 cm.
|
| 650 |
0 |
0 |
|a Women in Islam
|
| 650 |
0 |
0 |
|a Women's right
|x Religious aspect
|x Islam
|
| 999 |
|
|
|a 030597
|b BUKU
|c PINJAMAN
|e PERPUSTAKAAN KOMUNITI PETALING JAYA
|
| 999 |
|
|
|a 030598
|b BUKU
|c PINJAMAN
|e PERPUSTAKAAN KOMUNITI PETALING JAYA
|
| 999 |
|
|
|a 030599
|b BUKU
|c PINJAMAN
|e PERPUSTAKAAN KOMUNITI PETALING JAYA
|